| 000 -ლიდერი |
| ფიქსირებული სიგრძის საკონტროლო ველი |
01556nam a22002297a 4500 |
| 003 - საკონტროლო ნომრის იდენტიფიკატორი |
| საკონტროლო ველი |
Ge_BSU |
| 005 - ბოლო ოპერაციის თარიღი და დრო |
| საკონტროლო ველი |
20220510124839.0 |
| 008 - ფიქსირებული სიგრძის მონაცემთა ელემენტები - ზოგადი ინფორმაცია |
| ფიქსირებული სიგრძის საკონტროლო ველი |
220510s2021 ge ||||| |||| 00| 0 geo d |
| 020 ## - წიგნის საერთაშორისო სტანდარტული ნომერი |
| International Standard Book Number |
9789941973888 |
| 041 ## - ენის კოდი |
| Language code of text/sound track or separate title |
geo |
| 080 ## - უნივერსალური ათობითი კლასიფიკაციის ინდექსი |
| Universal Decimal Classification number |
902/904(479.223) გ-67 |
| 245 ## - ცნობა სათაურის შესახებ |
| Title |
გონიო-აფსაროსი : |
| Remainder of title |
(შრომების კრებული) XI. / |
| Statement of responsibility, etc |
რედ. შ. მამულაძე, კ. ქამადაძე. აჭარის კულტურული მემკვიდრეობის დაცვის სააგენტო. გონიო-აფსაროსის არქეოლოგიურ-არქიტექტურული კომპლექსი. |
| 264 ## - წარმოების, გამოცემის, დისტრიბუციის და სხვა ცნობები |
| გამოცემის, წარმოების, დისტრიბუციის... ადგილი |
ბათუმი: |
| გამოცემის, წარმოების, დისტრიბუციის... სახელწოდება |
სამშობლო, |
| გამოცემის, წარმოების, დისტრიბუციის... თარიღი |
2021. |
| 300 ## - ფიზიკური აღწერა |
| Extent |
232 გვ. : |
| Other physical details |
ცხრ., ნახ., სურ.; |
| Dimensions |
29 სმ. |
| 500 ## - ზოგადი შენიშვნა |
| General note |
ტექსტი ქართულ და ინგლისურ ენაზე. |
| 653 ## - INDEX TERM--UNCONTROLLED |
| Uncontrolled term |
გონიო-აფსაროსი |
| 653 ## - INDEX TERM--UNCONTROLLED |
| Uncontrolled term |
შრომები |
| 700 ## - ADDED ENTRY--PERSONAL NAME |
| Personal name |
მამულაძე, შ. |
| Relator term |
რედაქტორი |
| 9 (RLIN) |
13715 |
| 700 ## - ADDED ENTRY--PERSONAL NAME |
| Personal name |
ქამადაძე, კ. |
| Relator term |
რედაქტორი |
| 9 (RLIN) |
13716 |
| 710 ## - ADDED ENTRY--CORPORATE NAME |
| Corporate name or jurisdiction name as entry element |
აჭარის კულტურული მემკვიდრეობის დაცვის სააგენტო. |
| 9 (RLIN) |
13709 |
| Subordinate unit |
გონიო-აფსაროსის არქეოლოგიურ-არქიტექტურული კომპლექსი. |
| 942 ## - ADDED ENTRY ELEMENTS (KOHA) |
| Source of classification or shelving scheme |
|
| Koha item type |
წიგნი |